00722nam a22001817a 450000500170000000800410001705000220005810000220008024501390010224601180024125000120035926000360037130000220040760000290042965000310045865000250048970000260051420200121130840.0200121b xxu||||| |||| 00| 0 eng d14aB809.8 bW35 19631 a Wetter, Gustav A aDialectical materialism : a historical and systematic survey of philosophy in the Soviet Union / cGustav A Wetter. ; tr. Peter Heath. aMaterialismo dialéctico : bun estudio histórico y sistemático de la filosofía en la Unión Soviética. a3a ed.  a New York ; bPraeger, c1963  a609 p. ; c21 cm. aMarx, Karl, d1818-1883  aMaterialismo dialéctico. aFilosofía marxista aHeath., Peter e tr.